000 00674nam a2200265Ia 4500
005 20260121170521.0
008 008 260114s9999 xx 000 0 eng d
020 _a9783319779058
037 _aEBOOK
040 _aCRL
040 _beng
040 _cCRL
041 _2eng
041 _aeng
084 _qCRL
100 _aRoland Adunka, Mary Virginia Orna
_91064867
245 0 _aCarl Auer von Welsbach: Chemist, Inventor, Entrepreneur
260 _bSpringer
260 _bSpringer
260 _c2018
856 _uhttps://link.springer.com/openurl?genre=book&isbn=978-3-319-77905-8
942 _cEBOOK
999 _c1630597
_d1630597